000 00472nam a2200193Ia 4500
003 GCL
008 140319s9999 xx 000 0 aRus d
040 _aGCL /
_cGCL
082 0 4 _a863
_bB N
100 1 _aBAYLY, JAIME
245 1 0 _aNO SE LO DIGAS ANADIE /
_cBAYLY, JAIME
260 _a[S.N] :
_bSEIX BARRAL ،
_c1995
300 _a358
650 0 4 _aLITERATURE
650 0 4 _aFICTION
650 0 4 _aSPANISH LITERATURE
650 0 4 _aSPANISH FICTION
942 _2ddc
_cBK
999 _c12904
_d12904